Every game that GameyKatie has streamed - Statistics

General Stats
  • This quiz has been taken 6 times
  • The average score is 77 of 293
Answer Stats
Games % Correct
Dance Dance Revolution Mario Mix
100%
Mario Golf: Toadstool Tour
100%
Mario Kart: Double Dash!!
100%
Mario Party 5
100%
Mario Party 6
100%
Mario Party 7
100%
Mario Pinball Land
100%
Mario Power Tennis
100%
Paper Mario: The Thousand-Year Door
100%
Super Mario 64
100%
Super Mario Galaxy 2
100%
Super Mario Sunshine
100%
Super Mario World
100%
Super Mario World 2: Yoshi's Island
100%
Hey You, Pikachu!
83%
Kirby's Dream Land 3
83%
Kirby's Pinball Land
83%
Kirby Super Star
83%
Kirby & the Amazing Mirror
83%
Minecraft
83%
Pokemon Pinball: Ruby & Sapphire
83%
Pokemon Snap
83%
The Legend of Zelda: The Minish Cap
83%
The Legend of Zelda: Twilight Princess
83%
Grand Theft Auto V
67%
Hamtaro: Ham-Ham Heartbreak
67%
House Flipper
67%
LEGO Indiana Jones: The Original Adventures
67%
LEGO Star Wars: The Skywalker Saga
67%
Luigi's Mansion
67%
Luigi's Mansion: Dark Moon
67%
Scribblenauts
67%
Sonic 3D Blast
67%
Sonic Adventure DX: Director's Cut
67%
Sonic & Knuckles
67%
Sonic Pinball Party
67%
Sonic the Hedgehog
67%
Sonic the Hedgehog 2
67%
Sonic the Hedgehog 3
67%
SpongeBob SquarePants: Battle for Bikini Bottom - Rehydrated
67%
Superman: The New Superman Adventures
67%
The Simpsons: Bart's Nightmare
67%
The Simpsons Game
67%
The Simpsons: Hit & Run
67%
The Simpsons: Road Rage
67%
The Simpsons Skateboarding
67%
The SpongeBob SquarePants Movie
67%
Virtual Bart
67%
Cars
50%
Chibi-Robo!
50%
Desert Bus
50%
Donkey Kong 64
50%
Donkey Kong Country
50%
Finding Nemo
50%
Happy Feet
50%
Katamari Damacy
50%
Katamari Damacy REROLL
50%
Little Nemo: The Dream Master
50%
Meet the Robinsons
50%
Pepsiman
50%
PowerWash Simulator
50%
ROBLOX
50%
Robots
50%
Shrek 2
50%
The Bible Game
50%
We Love Katamari
50%
A Game About Digging A Hole
33%
Aladdin
33%
Animal Crossing
33%
Animal Crossing: New Horizons
33%
Castlevania: Symphony of the Night
33%
Chester Cheetah: Too Cool to Fool
33%
Chester Cheetah: Wild Wild Quest
33%
Cooking Mama
33%
Densetsu no Starfy
33%
Dinkum
33%
Disney's Toy Story
33%
Family Feud
33%
Fortnite
33%
Getting Over It with Bennett Foddy
33%
Gex
33%
Gex 3: Deep Cover Gecko
33%
Gex: Enter Gecko
33%
Harry Potter and the Prisoner of Azkaban
33%
Harry Potter and the Sorcerer's Stone
33%
Jeopardy!
33%
Jump King
33%
Monsters, Inc.
33%
Octodad: Dadliest Catch
33%
Only Up!
33%
Overcooked!
33%
Overcooked! 2
33%
Pac-Man Pinball Advance
33%
Pac-Man World
33%
Peggle
33%
Peggle Nights
33%
Penn & Teller's Smoke and Mirrors
33%
Pikmin
33%
Pikmin 2
33%
PIkmin 2
33%
Portal
33%
Portal 2
33%
Psychonauts
33%
Resident Evil 2
33%
Resident Evil 4
33%
Scooby-Doo!: Mistery Mayhem
33%
Scooby-Doo! Night of 100 Frights
33%
Spore
33%
Stardew Valley
33%
The Fairly OddParents: Breakin' da Rules
33%
The Grinch
33%
The Incredible Hulk: Ultimate Destruction
33%
The Incredibles: Rise of the Underminer
33%
The Legendary Starfy
33%
The Polar Express
33%
The Santa Clause 3: The Escape Clause
33%
The Sims
33%
The Sims 4
33%
Thief Simulator
33%
Toy Story 2: Buzz Lightyear to the Rescue!
33%
A Bug's Life
17%
A Hat in Time
17%
Alba: A Wildlife Adventure
17%
A Little to the Left
17%
Aquaman: Battle for Atlantis
17%
Are You Smarter Than a 5th Grader
17%
Banjo-Kazooie
17%
Big Mutha Truckers
17%
Bratz: Rock Angelz
17%
Charlie and the Chocolate Factory
17%
Chex Quest HD
17%
Conker's Bad Fur Day
17%
Crash Bandicoot: The Wrath of Cortex
17%
Deal or No Deal
17%
Disney Dreamlight Valley
17%
Disney's Chicken Little
17%
Disney Sing It
17%
Disney's Magical Mirror Starring Mickey Mouse
17%
Disney Sport Skateboarding
17%
Disney's The Haunted Mansion
17%
Don't Starve
17%
Drawn to Life
17%
Dr. Suess': The Cat in the Hat
17%
Elf Bowling
17%
Fall Guys
17%
Farming Simulator 17
17%
Friday the 13th
17%
Frogger
17%
Frogger: Ancient Shadow
17%
Garfield Kart: Furious Racing
17%
Gartic Phone
17%
Hell's Kitchen: The Game
17%
Hitman: Absolution
17%
Home Improvement: Power Tool Pursuit!
17%
Hotline Miami
17%
Human: Fall Flat
17%
I am Bread
17%
Inspector Gadget
17%
Jackbox Party Packs
17%
Mary-Kate and Ashley: Sweet 16 - Licensed to Drive
17%
M&M's: The Lost Formulas
17%
Mr. Krabs Overdoses on Ketamine
17%
Outlast
17%
Over the Hedge
17%
Papa's Burgeria
17%
Papers, Please
17%
Phineas and Ferb
17%
Putt-Putt Saves the Zoo
17%
Putt-Putt Travels Through Time
17%
Ratatouille
17%
Rugrats in Paris: The Movie
17%
Rugrats: Scavenger Hunt
17%
Santa Claus Saves The Earth
17%
Slime Rancher
17%
Strawberry Shortcake: The Sweet Dreams Game
17%
Taz: Wanted
17%
The Great Circus Mystery Starring Mickey & Minnie
17%
The Incredibles
17%
The Legend of Zelda: A Link to the Past
17%
The Legend of Zelda: Majora's Mask
17%
The Legend of Zelda: Ocarina of Time
17%
The Legend of Zelda: The Wind Waker
17%
Tom and Jerry
17%
Tony Hawk's Pro Skater
17%
Tony Hawk's Underground
17%
VeggieTales: LarryBoy and the Bad Apple
17%
WarioWare, Inc.: Mega Party Games!
17%
WarioWare: Smooth Moves
17%
WEBFISHING
17%
Who's Your Daddy
17%
Zombies Ate My Neighbors
17%
A Nightmare on Elm Street
0%
Bakery Simulator
0%
Baldur's Gate 3
0%
Bee Movie Game
0%
Beethoven: The Ultimate Canine Caper
0%
Big Bumpin'
0%
Buffy the Vampire Slayer: Chaos Bleeds
0%
Bugs Bunny: Lost in Time
0%
Christmas Shopping Simulator
0%
Chronophoto
0%
Cities: Skylines
0%
Cooking Simulator
0%
Cook, Serve, Delicious! 3?!
0%
Cube Escape: Paradox
0%
Curious George
0%
Death Squared
0%
Disney's 102 Dalmatians: Puppies to the Rescue
0%
Disney's Donald Duck: Goin' Quackers
0%
Disney's Tigger's Honey Hunt
0%
Disney's Winnie the Pooh's Rumbly Tumbly Adventure
0%
Ed, Edd n Eddy: The Mis-Edventures
0%
Elliot Quest
0%
Escape Simulator
0%
Euro Truck Simulator 2
0%
Everhood
0%
Fishing Adventure
0%
FlatOut 2
0%
Frog Detective 1: The Haunted Island
0%
Gas Station Simulator
0%
GeoGuessr
0%
Goat Simulator
0%
Good Pizza, Great Pizza
0%
Grim Fandango Remastered
0%
Gun Devil
0%
Hello Kitty: Roller Rescue
0%
I Am Fish
0%
I Have No Mouth, and I Must Scream
0%
Internet Cafe Simulator
0%
Isla Sinaloa
0%
It Takes Two
0%
Jim Henson's Muppets Party Cruise
0%
Karaoke Revolution
0%
Karaoke Revolution Party
0%
Kill It With Fire
0%
Lawn Mowing Simulator
0%
Little Inferno
0%
Lizzie McGuire 2: Lizzie Diaries
0%
Looney Tunes B-Ball
0%
Lost Egg
0%
Microsoft Minesweeper
0%
Moving Out
0%
MTV's Beavis and Butt-Head
0%
Muck
0%
MultiVersus
0%
Muppet Pinball Mayhem
0%
Muppets Party Cruise
0%
My Friend Peppa Pig
0%
Nancy Drew: Message in a Haunted Mansion
0%
Nickelodeon GUTS
0%
Night of the Consumers
0%
Pajama Sam 3: You Are What You Eat From Your Head to Your Feet
0%
Piglet's Big Game
0%
PiKUNiKU
0%
Pocket Bike Racer
0%
Pony Island
0%
Recipe for Disaster
0%
RollerCoaster Tycoon 3
0%
Saints Row: The Third
0%
Shaq-Fu
0%
Side Pocket
0%
SingStar
0%
skribbl.io
0%
Sly Cooper and the Thievius Raccoonus
0%
Sneak King
0%
SnowRunner
0%
SpongeGlock SquarePants
0%
Spyro: Year of the Dragon
0%
Super Auto Pets
0%
Superliminal
0%
Super Monkey Ball
0%
Surgeon Simulator 2
0%
Terraria
0%
The Adventures of Jimmy Neutron Boy Genius: Attack of the Twonkies
0%
The Flintstones
0%
The Italian Job
0%
The Password Game
0%
The Powerpuff Girls: Him and Seek
0%
The Powerpuff Girls: Relish Rampage
0%
The Stanley Parable: Ultra Deluxe
0%
The Suite Life of Zack & Cody: Circle of Spies
0%
Tim Burton's The Nightmare Before Christmas: The Pumpkin KIng
0%
Tinykin
0%
Turnip Boy Commits Tax Evasion
0%
Universal Studios Theme Parks Adventure
0%
Unpacking
0%
Up
0%
Wallace and Gromit in Project Zoo
0%
Webkinz Classic
0%
Winnie the Pooh's Home Run Derby!
0%
World of Goo
0%
Zuma Deluxe
0%
No matching quizzes found
Score Distribution
Percent of People with Each Score
Percentile by Number Answered
Your Score History
You have not taken this quiz